000
00281nam a2200109Ia 4500
005
20251222141832.0
008
251222s9999||||xx |||||||||||||| ||spa||
082
_a
862.4/A88
100
_a
"Vega Carpio, Lope Félix dey otros"
245
0
_a
Autos sacramentales españoles
942
_c
LIB
999
_c
7146
_d
7146